An introduction to the theory of statistics / (Record no. 35430)
[ view plain ]
| 000 -LEADER | |
|---|---|
| fixed length control field | 00719nam a22002537a 4500 |
| 001 - CONTROL NUMBER | |
| control field | 35430 |
| 003 - CONTROL NUMBER IDENTIFIER | |
| rucl marc code | BD-RjUL |
| 005 - DATE AND TIME OF LATEST TRANSACTION | |
| control field | 20211209052323.0 |
| 008 - FIXED-LENGTH DATA ELEMENTS--GENERAL INFORMATION | |
| fixed length control field | 140525r19731937enk |||| |||| 001 0 eng d |
| 020 ## - INTERNATIONAL STANDARD BOOK NUMBER | |
| International Standard Book Number | 0852641400 |
| 035 ## - SYSTEM CONTROL NUMBER | |
| System control number | (BD-RjUL)35524 |
| 040 ## - CATALOGING SOURCE | |
| Original cataloging agency | BD-RjUL |
| Language of cataloging | eng |
| Transcribing agency | BD-RjUL |
| 041 ## - LANGUAGE CODE | |
| Language code of text/sound track or separate title | eng |
| 082 ## - DEWEY DECIMAL CLASSIFICATION NUMBER | |
| Classification number | 519.5 |
| Author mark and year | YUI 1973 |
| 100 1# - MAIN ENTRY--PERSONAL NAME | |
| Personal name | Yule Udny G. |
| 9 (RLIN) | 107882 |
| 245 ## - TITLE STATEMENT | |
| Title | An introduction to the theory of statistics / |
| Statement of responsibility, etc. | G Udny Yule; Maurice G Kendall |
| 250 ## - EDITION STATEMENT | |
| Edition statement | 11th ed |
| 260 ## - PUBLICATION, DISTRIBUTION, ETC. (IMPRINT) | |
| Place of publication, distribution, etc. | London : |
| Name of publisher, distributor, etc. | Charles Griffin, |
| Date of publication, distribution, etc. | 1937 [Reprintewd 1973] |
| 300 ## - PHYSICAL DESCRIPTION | |
| Pagination | xi,701 p ; |
| Size | 21 cm. |
| 504 ## - BIBLIOGRAPHY, ETC. NOTE | |
| Bibliography, etc | Includes Index |
| 650 ## - SUBJECT ADDED ENTRY--TOPICAL TERM | |
| Topical term or geographic name as entry element | Statistices |
| 9 (RLIN) | 107845 |
| 700 1# - ADDED ENTRY--PERSONAL NAME | |
| Personal name | Kendall Maurice G |
| 942 ## - ADDED ENTRY ELEMENTS (KOHA) | |
| Source of classification or shelving scheme | Dewey Decimal Classification |
| Koha item type | Books |
| Lost status | Source of classification or shelving scheme | Damaged status | Not for loan | Collection code | Permanent Location | Current Location | Shelving location | Date acquired | Source of acquisition | Cost, normal purchase price | Total Checkouts | Total Renewals | Full call number | Date last seen | Date checked out | Copy number | Koha item type |
|---|---|---|---|---|---|---|---|---|---|---|---|---|---|---|---|---|---|
| Dewey Decimal Classification | Non-fiction | Central Library, University of Rajshahi | Central Library, University of Rajshahi | 29/06/1982 | Bangladesh Book Agency | 575.00 | 2 | 1 | 519.5 YUI 1973 | 21/08/2016 | 16/07/2016 | C-10 | Books |